000
00282nam a22001337a 4500
003
SGT
020
_a
9781472534408
082
_a
747
_b
YAT
100
_a
YATES DEREK
245
_a
COMMUNICATION DESIGN
260
_a
USA
_b
BLOOMSBURY PUB
_c
2015
300
_a
207
942
_2
ddc
_c
BK
999
_c
34506
_d
34506